Měnové kódy.

Tabuľka najdôležitejších menových kódov podľa normy ISO.

Salvato in:
Dettagli Bibliografici
Natura: Capitolo di libro
Lingua:ceco
Soggetti:
Tags: Aggiungi Tag
Nessun Tag, puoi essere il primo ad aggiungerne!!

MARC

LEADER 00000naa a2200000 4500
001 r004528
005 20221125081441.1
041 0 |a cze 
044 |a [CS] 
245 1 0 |a Měnové kódy. 
520 |a Tabuľka najdôležitejších menových kódov podľa normy ISO. 
610 2 0 |a kódy 
610 2 0 |a mena 
610 2 0 |a ISO 
610 2 0 |a normy